banner-ar

TOURISM IN NATIONAL PARKS AND PROTECTED AREAS : (Record no. 5720)

MARC details
000 -الفاتح
حقل البيانات ثابتة الطول 00720nam a2200229Ia 4500
008 - عناصر البيانات ثابتة الطول - معلومات عامة
حقل البيانات ثابتة الطول 140319s9999 xx 000 0 eng d
020 ## - الرقم الدولى المعيارى للكتب
الرقم الدولى المعيارى للكتاب 0 85199 589 6
040 ## - مصدر الفهرسة
وكالة الفهرسة الأصلية GCL /
وكالة النسخ GCL
082 04 - رقم تصنيف ديوى العشرى
رقم التصنيف 333.783
رقم المادة E T
100 1# - المدخل الرئيسى - إسم شخصى
الإسم الشخصى EAGLES, PAUL F.J
245 10 - بيان العنوان
العنوان TOURISM IN NATIONAL PARKS AND PROTECTED AREAS :
بقية العنوان PLANNING AND MANAGEMENT /
بيان المسئوليه,etc EAGLES, PAUL F.J
700 1# - المدخل الاضافى - اسم شخصى
الإسم الشخصى McCOOL, STEPHEN F.
300 ## - الوصف المادى
التعداد 24 CM ؛
أبعاد الوعاء 321 P
650 04 - المدخل الاضافى بالموضوع-مصطلح موضوعى
مصطلح موضوعي NATIONAL PARKS AND RESERVES
650 04 - المدخل الاضافى بالموضوع-مصطلح موضوعى
مصطلح موضوعي TOURISM - MANAGEMENT
650 04 - المدخل الاضافى بالموضوع-مصطلح موضوعى
مصطلح موضوعي NATIONAL PARKS AND RESERVES - PUBLIC USE
650 04 - المدخل الاضافى بالموضوع-مصطلح موضوعى
مصطلح موضوعي PROTECTED AREAS - PUBLIC
650 04 - المدخل الاضافى بالموضوع-مصطلح موضوعى
مصطلح موضوعي PROTECTED AREAS - MANAGEMENT
942 ## - عناصر المدخل الإضافي( كوها)
مصدر التصنيف او مخطط الترفيف Dewey Decimal Classification
Koha [default] item type كتاب
260 ## - PUBLICATION, DISTRIBUTION, ETC. (IMPRINT)
-- نيويورك :
-- CABI PUBLISHING
Holdings
حالة التراجع حالة الفقد حالة تلف ليس للاعارة المكان المؤقت الموقع الحالى تاريخ الاكتساب اجمالي اﻻعارات رقم الطلب الباركود تاريخ اخر مشاهدة تاريخ تفعيل السعر نوع وعاء كوها
        مكتبة القاهرة الكبرى مكتبة القاهرة الكبرى 03/26/2014   333.783\E T 12142 03/26/2014 03/26/2014 كتاب

Powered By

EGPV